Datum a čas kvízu
25
Celkem bodů
Celkový počet nahraných bodů na tomto kvízu bez doplňovacích otázek.
4.
Pořadí na kvízu
Konečné umístění týmu na tomto kvízu.
Zaznamenané odpovědi
| # | Otázka | Odpověď | Body | Výsledky |
|---|---|---|---|---|
| 1. | Česká televize chtěla ve čtvrt... | Hamáčkův hlas zněl velmi hluboko. | 1 | |
| 2. | Rádio Svobodná Evropa se poprv... | Maďarsko | 0 | |
| 3. | V úterý oslavila úctyhodné 10... | Meda Mládková | 1 | |
| 4. | Americký technologický gigant... | Intel | 0 | |
| 5. | Velká cena Itálie v Monze měla... | Pierre Gasly | 0 | |
| 6. | Nobelova cena je od roku 1901... | ekonomie | 0 | |
| 7. | Pouze dvěma Čechům v historii... | Jaroslav Heyrovský, Jaroslav Seifert | 1 | |
| 8. | Dva laureáti Nobelovy ceny za... | Boris Pasternak, Jean-Paul Sartre | 0.5 | |
| 9. | Přiřaďte laureáty Nobelových c... | 1C 2B 3A 4D | 0 | |
| 10. | Vyberte nepravdivé tvrzení o p... | C | 1 |